All Urban Centers - Zeeland - Statistics

General Stats
  • This quiz has been taken 13 times
  • The average score is 31 of 120
Answer Stats
% Correct
Goes / Kloetinge
100%
Middelburg
100%
Domburg
88%
Hulst / Sint Jansteen
88%
Kapelle / Biezelinge
88%
Vlissingen / Oost Souburg
88%
Zoutelande
88%
Arnemuiden
75%
Krabbendijke
75%
Terneuzen
75%
Veere
75%
Yerseke
75%
Zierikzee
75%
Oostkapelle
63%
Sluis
63%
Tholen
63%
Borssele
50%
Cadzand
50%
Heinkenszand
50%
Koudekerke
50%
Kruiningen
50%
Oostburg
50%
Renesse
50%
Rilland
50%
Westkapelle
50%
Aardenburg
38%
Axel
38%
Biervliet
38%
Hoofdplaat
38%
Kamperland
38%
Kloosterzande
38%
Koewacht
38%
Oud Vossemeer
38%
Philippine
38%
Poortvliet
38%
Scharendijke
38%
Sint Annaland
38%
Vrouwenpolder
38%
Breskens
25%
Bruinisse
25%
Clinge
25%
Colijnsplaat
25%
Groede
25%
Hoek
25%
IJzendijke
25%
Kats
25%
Nieuwerkerk
25%
Sas van Gent
25%
Schoondijke
25%
Sint Philipsland
25%
Sluiskil
25%
Stavenisse
25%
Vogelwaarde
25%
Wemeldinge
25%
Westdorpe
25%
Zaamslag
25%
Aagtekerke
13%
Biggekerke
13%
Cadzand Bad
13%
Dreischor
13%
Eede
13%
Ellemeet
13%
Graauw
13%
Grijpskerke
13%
Hansweert
13%
Kerkwerve
13%
Kortgene
13%
Lamswaarde
13%
Nieuwdorp
13%
Nieuw en Sint Joosland
13%
Nieuw Namen
13%
Oostdijk
13%
Oosterland
13%
Ouwerkerk
13%
Ovezande
13%
Ritthem
13%
Scherpenisse
13%
Schore
13%
s-Gravenpolder
13%
s-Heer Arenskerke
13%
s-Heerenhoek
13%
s-Heer Hendrikskinderen
13%
Sint Laurens
13%
Sint Maartensdijk
13%
Waarde
13%
Waterlandkerkje
13%
Wilhelminadorp
13%
Wolphaartsdijk
13%
Zonnemaire
13%
Zuiddorpe
13%
Zuidzande
13%
Anna Jacobapolder
0%
Baarland
0%
Brouwershaven
0%
Ellewoutsdijk
0%
Gapinge
0%
Geersdijk
0%
Haamstede Burgh
0%
Haamstede Noord
0%
Heikant
0%
Hengstdijk
0%
Hoedekenskerke
0%
Hulst Oost
0%
Kattendijke
0%
Kortgene De Veerse Hoek
0%
Kwadendamme
0%
Lewedorp
0%
Meliskerke
0%
Nieuw Haamstede
0%
Nisse
0%
Noordgouwe
0%
Noordwelle
0%
Oudelande
0%
Serooskerke (Schouwen Duiveland)
0%
Serooskerke (Veere)
0%
s-Heer Abtskerke
0%
Sirjansland
0%
Ter Hole
0%
Veere Zanddijk
0%
Wissenkerke
0%
No matching quizzes found
Score Distribution
Percent of People with Each Score
Percentile by Number Answered
Your Score History
You have not taken this quiz